000 00578nam a2200217Ia 4500
003 OSt
005 20220926045213.0
006 a|||||r|||| 00| 0
007 ta
008 220923b |||||||| |||| 00| 0 eng d
037 _cGeneral Book
040 _aRTL
_cRTL
_beng
041 _2eng
_aeng
082 _aX71.216
245 0 _aBUDGET ESTIMATES FOR THE YEAR 1969-70.
260 _c1970
490 _vVol.1
500 _aDemands for grants analysis of demands and summary of the finance position.
942 _hX71.216
_cGB
_2CC
999 _c676949
_d676949